[Event "Østlandsserien 2016/2017, 3. div. B"]
[Site "Fredrikstad, Østfold NOR"]
[Date "2016.10.30"]
[Round "1"]
[White "Decelle, Christophe"]
[Black "Lea, Per"]
[Result "0-1"]
[WhiteElo "1473"]
[BlackElo "1533"]
[Annotator "Lea, Per"]
[PlyCount "70"]
[EventDate "2016.10.30"]
[Board "2"]
[WhiteTeam "Fredriksstad 2"]
[BlackTeam "Follo 2"]

1. e4 e5 2. Nf3 Nc6 3. Bc4 Nf6 4. O-O Nxe4 5. Re1 d5 6. Bb5 Bd7 $2 {
Begynnelsen på svarts problemer} ({Jeg vurderte} 6... Bc5 {men trodde kanskje
at} 7. d4 {var farligere enn det egentlig var.} exd4 8. Nxd4 $2 O-O 9. Be3 {er
klar fordel for svart. Men i de variantene jeg vurderte, fant jeg ingen god
måte å komme ut av bindinga i e-linja.}) 7. d3 Nf6 (7... Nc5 {er Stockfish's
forslag, et trekk jeg aldri vurderte. Det er løperen som skal stå på c5!}) 8.
Bxc6 bxc6 9. Nxe5 Be7 10. Qe2 $1 {En ubehagelig overraskelse! Den planlagte
rokaden fungerer ikke. fordi hvit bare slår på d7 og vinner løperen i neste
trekk.} c5 11. Bg5 Be6 ({For å være helst sikker på at det ikke skal være noen
binding, men her fungerer rokaden:} 11... O-O 12. Nxd7 Qxd7 13. Qxe7 $4 Rfe8
14. Bxf6 gxf6 15. Qe3 Rxe3 16. Rxe3 {og svart bør vinne}) 12. Nc6 Qd6 13. Nxe7
Kxe7 ({For å unngå} 13... Qxe7 {for å ufarliggjøre} 14. f4 h6 15. Bh4 g5 16.
fxg5 Ng4 {men denne varianten er ikke fullt så dårlig som det som ble spilt i
partiet}) 14. Nd2 Rae8 15. c4 c6 $2 16. Rac1 ({Enda bedre er} 16. Qf3 {Selv om
bare en brikke - kongen - er utsatt for binding, er det snakk om 2 bindinger:
Sf6 og Le6.}) 16... Kd7 17. Bxf6 gxf6 18. Qf3 Rhg8 19. Qxf6 Rg6 20. Qh4 Reg8 (
20... Bf5 21. cxd5 Rh6 22. dxc6+ Kc7 23. Qg3 Qxg3 24. hxg3 Rxe1+ 25. Rxe1 Bxd3
{bør også være vinst for hvit, men i min manglende vurderingssans trodde jeg
at det jeg spilte var bedre. Akk ja.}) 21. g3 R8g7 22. Nf3 Rg4 23. Qh5 ({Ikke} 
23. Ne5+ $4 Qxe5 $1 24. Rxe5 Rxh4 {og svart vinner. Men hvit så selvfølgelig
en så enkel svindel.}) 23... Kc7 24. Qh6 $4 R4g6 $4 {En overseelse - av begge}
({Jeg så lenge på} 24... Rxg3+ 25. fxg3 Rxg3+ 26. Kf2 {men så ikke noen
fornuftg fortsettelse her Men:} (26. hxg3 Qxg3+ 27. Kf1 Qxf3+ 28. Kg1 Qg3+ 29.
Kh1 Qf3+ 30. Kh2 Qf2+ 31. Kh1 Qf3+) 26... Rxf3+ $1 27. Kxf3 (27. Ke2 dxc4 28.
Kxf3 Bd5+ 29. Ke2 Qxh6) 27... Bg4+ 28. Kxg4 Qxh6) 25. Qd2 {Innleder plutselig
et kongeangrep på dronningfløyen. Ikke spesielt morsomt å sitte på svarts side
av brettet her.} d4 26. Qa5+ Kb7 27. b4 (27. Ne5 Rg5 28. f4 Rh5 29. Rb1 {hadde
vært - om mulig - enda verre for svart}) 27... cxb4 28. c5 Qc7 29. Qxb4+ Ka8
30. Ne5 {Stillingen på brettet er en katastrofe for svart - tillegg har hvit
nå 52 minutter (pluss 5 minutter i bonustid fram til tidskontrollen ved 40
trekk, svart har 4'50.} Rg5 31. Rb1 (31. Qa4 {er enda bedre}) 31... Bd5 32. Nf3
(32. Nd7 $3 {er fullstendig drepende}) 32... Rxg3+ 33. hxg3 Rxg3+ 34. Kf1 Rg8 {
Eneste måten å hindre matt på. Men med tårn under er alt håp (nesten) ute.} 35.
Re7 $4 {Med bare et snaut minutt igjen på klokka begynte jeg å lure: hva er
det hvit har sett som jeg ikke har sett? Tg8 hindrer jo dronningmatt på b8 når
svarts dronning fjerner seg fra c7.} Qxe7 {Som Jørgen Juve skrev i en
reportasje fra en landsturnering på 1950-tallet, da Roald Bukne bukket et helt
tårn: "Er det så lett å spille sjakk?" (Fortalt i André Bjerkes bok "Spillet i
mitt liv"). Hvit stirret på svarts dronning og trodde ikke helt hva han så.
Ansiktsuttrykket og faktene (hoderysten og oppgitt smil) minnet om Nakamura da
han i Zürich for et par år siden bukket bort en kliss vunnet stilling. Selv
tenkte jeg at jeg hadde fått en stilling i fanget som var minst remis, jeg har
jo tross alt bonde over, samt en sterk løper. Men stillingen er faktisk kliss
vunnet. En mulig fortsettelse kunne vært:} (35... Qxe7 36. Re1 Qd7 37. Qxd4
Qh3+ 38. Ke2 Qxf3+ 39. Kd2 (39. Kf1 Rg1+ 40. Kxg1 Qg2#) 39... Bxa2 40. Ra1 Bd5
41. Qa4 Qxf2+ 42. Kc3 Qxc5+) 0-1

[Event "Østlandsserien 2016/2017, 3. div. B"]
[Site "Fredrikstad, Østfold NOR"]
[Date "2016.10.30"]
[Round "1"]
[White "Moberg, Jan Rune"]
[Black "Sæther, Lars"]
[Result "1-0"]
[WhiteElo "1503"]
[BlackElo "1436"]
[PlyCount "129"]
[EventDate "2016.10.30"]
[Board "3"]
[WhiteTeam "Follo 2"]
[BlackTeam "Fredriksstad 2"]

1. d4 Nf6 2. c4 e6 3. Nf3 b6 4. g3 Bb7 5. Bg2 Be7 6. O-O d6 7. b4 O-O 8. a4
Nbd7 9. a5 d5 10. a6 Bc8 11. Ne5 Nxe5 12. dxe5 Ne4 13. cxd5 exd5 14. Qb3 Be6
15. Rd1 c5 16. Qb2 Qc7 17. f3 Ng5 18. Bxg5 Bxg5 19. f4 Be7 20. Bxd5 Bxd5 21.
Rxd5 cxb4 22. Nd2 Rad8 23. Rc1 Bc5+ 24. Rdxc5 bxc5 25. Nc4 Rb8 26. Qb3 Qc6 27.
Rd1 Rbd8 28. Ra1 Qd5 29. Rc1 f6 30. e4 Qd4+ 31. Kf1 Qd3+ 32. Qxd3 Rxd3 33. Ke2
Rd4 34. Nd6 fxe5 35. fxe5 Rd8 36. Rxc5 R8xd6 37. exd6 Rxd6 38. Rc8+ Kf7 39.
Rc7+ Kf6 40. Rxa7 b3 41. Rb7 Rxa6 42. Ke3 Ra2 43. Rxb3 Rxh2 44. Rb5 Rh1 45.
Rf5+ Ke6 46. Ra5 Re1+ 47. Kf3 h6 48. Kf4 Rf1+ 49. Kg4 Re1 50. Kf3 Rf1+ 51. Ke2
Rf6 52. Ke3 g5 53. Kd4 Kf7 54. g4 Rf4 55. Rf5+ Rxf5 56. exf5 Kf6 57. Ke4 Ke7
58. Ke5 Kf7 59. f6 h5 60. gxh5 g4 61. h6 g3 62. h7 g2 63. h8=Q g1=Q 64. Qh7+
Kf8 65. Qe7+ 1-0

[Event "Østlandsserien 2016/2017, 3. div. B"]
[Site "Fredrikstad, Østfold NOR"]
[Date "2016.10.30"]
[Round "1"]
[White "Livendahl, Rolf"]
[Black "Fuglseth, Jan"]
[Result "1-0"]
[WhiteElo "1378"]
[BlackElo "1478"]
[PlyCount "103"]
[EventDate "2016.10.30"]
[Board "4"]
[WhiteTeam "Fredriksstad 2"]
[BlackTeam "Follo 2"]

1. d4 Nf6 2. Nf3 e6 3. Bg5 Be7 4. e3 b6 5. Bd3 h6 6. Bh4 Bb7 7. Nbd2 d5 8. c3
Nbd7 9. h3 c5 10. O-O O-O 11. Re1 Ne4 12. Bxe7 Qxe7 13. Qc2 f5 14. Bb5 Ndf6 15.
Ne5 a6 16. Bc6 Rac8 17. Bxb7 Qxb7 18. Ndf3 Nd6 19. Ng6 Rfe8 20. Nfe5 Nc4 21.
Qe2 b5 22. b3 Nxe5 23. Nxe5 c4 24. b4 Qe7 25. a4 Ne4 26. Rec1 Ra8 27. f3 Nd6
28. Ra2 bxa4 29. Rxa4 Nb5 30. Qa2 Qg5 31. Qd2 Rf8 32. Rca1 Nc7 33. f4 Qd8 34.
Qb2 Qd6 35. Ra5 Rfb8 36. Qc1 Rb5 37. Qe1 Rxa5 38. Rxa5 Nb5 39. Qa1 Nc7 $6 40.
Rc5 Nb5 $4 41. Rxb5 Qe7 42. Rc5 Qh4 43. Nf3 Qf6 44. Rc6 g5 45. fxg5 hxg5 46.
Rxa6 Rxa6 47. Qxa6 g4 48. Qc8+ Kg7 49. Qc7+ Kg8 50. hxg4 fxg4 51. Qe5 Qg6 52.
Qg5 1-0

[Event "Østlandsserien 2016/2017, 3. div. D"]
[Site "Eidsvoll, Akershus NOR"]
[Date "2016.10.30"]
[Round "1"]
[White "Kielland-Lund, Jon"]
[Black "Aasgaard, Frode"]
[Result "0-1"]
[WhiteElo "1500"]
[BlackElo "1700"]
[Annotator "Kielland-Lund,Jon"]
[PlyCount "79"]
[EventDate "2016.10.30"]
[Board "1"]
[WhiteTeam "Follo 3"]
[BlackTeam "Eidsvoll"]

1. c4 e5 2. Nc3 f5 3. d4 e4 4. Nh3 Nf6 5. Bg5 Be7 6. e3 c6 7. Qb3 d6 8. Nf4 Ng4
9. Bxe7 Qxe7 10. h4 Nd7 11. Be2 Ndf6 12. Rd1 O-O 13. a3 {Dårlig plan} Rb8 14.
Qa2 Bd7 15. b4 Be8 16. d5 Bf7 17. Qd2 Rbd8 18. Rc1 $2 Nh5 19. Nxh5 Bxh5 20. g3
Qe8 21. Qd1 Qe5 22. Qd4 Qxd4 23. exd4 Rde8 24. dxc6 bxc6 25. O-O {d5 gir fordel
} f4 26. Bxg4 Bxg4 27. Rfe1 fxg3 28. fxg3 e3 29. Nd1 Bxd1 30. Rcxd1 Rf3 31. Kg2
Rf2+ 32. Kg1 Rd2 33. d5 cxd5 34. cxd5 Rc8 35. Ra1 Rc3 36. Kf1 Rxd5 37. Rad1 (
37. Rac1 Rf5+ 38. Kg2) 37... Rf5+ 38. Kg2 d5 39. g4 Re5 40. Kf3 {oppgitt} 0-1

[Event "Østlandsserien 2016/2017, 3. div. D"]
[Site "Eidsvoll, Akershus NOR"]
[Date "2016.10.30"]
[Round "1"]
[White "Aasgaard, Kenneth"]
[Black "Thowsen, Alf Geir"]
[Result "1-0"]
[WhiteElo "1278"]
[BlackElo "1161"]
[PlyCount "40"]
[EventDate "2016.10.30"]
[Board "4"]
[WhiteTeam "Eidsvoll"]
[BlackTeam "Follo 3"]

1. e4 e6 2. d4 d5 3. e5 c5 4. c3 cxd4 5. cxd4 Nc6 6. Nf3 Be7 7. Bd3 Qb6 8. O-O
f6 9. Nc3 fxe5 10. dxe5 a6 11. a3 Bc5 12. Na4 Qa7 13. Nh4 Nge7 14. Qh5+ Kd8 15.
Nxc5 Qxc5 16. Be3 d4 17. Bf4 Rf8 18. Bg5 h6 19. Rac1 Qxe5 20. Bxe7+ Kxe7 1-0

[Event "Østlandsserien 2016/2017, 4. div. D"]
[Site "Nordstrand, Oslo NOR"]
[Date "2016.10.30"]
[Round "1"]
[White "Olsen, Trygve"]
[Black "Brentebråten, Tom"]
[Result "1/2-1/2"]
[WhiteElo "1276"]
[BlackElo "1049"]
[PlyCount "108"]
[EventDate "2016.10.30"]
[Board "1"]
[WhiteTeam "Follo 4"]
[BlackTeam "Nordstrand 8"]

1. f4 d5 2. d4 Bf5 3. Nd2 Nf6 4. Ngf3 e6 5. e3 c5 6. c3 a6 7. Ne5 Nbd7 8. Be2
cxd4 9. cxd4 Ne4 10. O-O Nxd2 11. Bxd2 Rc8 12. Bc3 g6 13. Qa4 Bd6 14. Nxd7 Qxd7
15. Qxd7+ Kxd7 16. g4 Be4 17. Bf3 Bd3 18. Rf2 f6 19. Rd1 Bb5 20. f5 gxf5 21.
gxf5 Rhg8+ 22. Kh1 Bc6 23. fxe6+ Kxe6 24. h3 f5 25. Rg1 Rxg1+ 26. Kxg1 Rg8+ 27.
Rg2 Rg3 28. Rxg3 Bxg3 29. Kg2 Bh4 30. b3 Bb5 31. a4 Bd3 32. a5 Bc2 33. b4 Bd3
34. Bh5 Be4+ 35. Kg1 Ke7 36. Be2 Bg3 37. b5 axb5 38. Bxb5 h5 39. a6 bxa6 40.
Bxa6 h4 41. Bb4+ Kd7 42. Bb5+ Kc8 43. Kf1 Bf3 44. Be2 Be4 45. Be1 Bxe1 46. Kxe1
Kc7 47. Kf2 Kb6 48. Bf1 Ka5 49. Be2 Kb4 50. Bf1 Kc3 51. Ba6 f4 52. Bc8 fxe3+
53. Kxe3 Bg2 54. Be6 Be4 1/2-1/2

[Event "Østlandsserien 2016/2017, 4. div. D"]
[Site "Nordstrand, Oslo NOR"]
[Date "2016.10.30"]
[Round "1"]
[White "Samset, Jon"]
[Black "Lindstad, Lars"]
[Result "1-0"]
[WhiteElo "1077"]
[BlackElo "1071"]
[PlyCount "59"]
[EventDate "2016.10.30"]
[Board "3"]
[WhiteTeam "Follo 4"]
[BlackTeam "Nordstrand 8"]

1. Nf3 Nc6 2. g3 e5 3. e4 Bc5 4. d3 d5 5. exd5 Qxd5 6. Nc3 Qe6 7. Bg2 h6 8. O-O
Bd7 9. Re1 O-O-O 10. a4 a5 11. Nb5 Be8 12. c4 Qf6 13. Qb3 Nge7 14. Be3 Bxe3 15.
Rxe3 Nb4 16. Nxe5 Nec6 17. Nxc6 Bxc6 18. Bxc6 Nxc6 19. c5 Ne5 20. d4 Ng4 21.
Rf3 Qe6 22. Qc3 Rhe8 23. Qxa5 b6 24. cxb6 Qxb6 25. Qxb6 cxb6 26. Rxf7 Rd7 27.
Rc1+ Kd8 28. Rxd7+ Kxd7 29. Rc7+ Ke6 30. Rxg7 1-0

[Event "Østlandsserien 2016/2017, 4. div. D"]
[Site "Nordstrand, Oslo NOR"]
[Date "2016.10.30"]
[Round "1"]
[White "Nilsson, Thomas"]
[Black "Heien, Aksel"]
[Result "0-1"]
[WhiteElo "1038"]
[BlackElo "941"]
[PlyCount "58"]
[EventDate "2016.10.30"]
[Board "4"]
[WhiteTeam "Nordstrand 8"]
[BlackTeam "Follo 4"]

1. e4 e5 2. Nf3 Nc6 3. Bc4 Nf6 4. Ng5 d5 5. exd5 Na5 6. Bb5+ c6 7. dxc6 bxc6 8.
Ba4 h6 9. Nf3 e4 10. Ne5 Qd4 11. Bxc6+ Nxc6 12. Nxc6 Qd5 13. Nxa7 Rxa7 14. O-O
Bc5 {Så langt har partiet fulgt varianter som tidligere er analysert i Let's
Check funksjonen i ChessBase !} 15. h3 O-O 16. Nc3 Qc6 17. Kh1 Bb7 18. Rg1 Nd5
19. Nxd5 Qxd5 20. Qe2 Re8 21. d3 Qe6 22. a3 exd3 (22... Qxh3+ 23. gxh3 exd3+)
23. Qxe6 Rxe6 24. cxd3 Bxf2 25. Rd1 Ra5 26. Bd2 Rh5 27. Kh2 Re2 28. Bf4 Be3 29.
Bxe3 Rxg2+ 0-1

[Event "Østlandsserien 2016/2017, 2. div. A"]
[Site "Nordstrand, Oslo NOR"]
[Date "2016.12.04"]
[Round "2"]
[White "Hoel, Jørgen"]
[Black "Mathisen, Runar"]
[Result "1-0"]
[WhiteElo "1897"]
[BlackElo "1800"]
[PlyCount "129"]
[EventDate "2016.10.30"]
[Board "1"]
[WhiteTeam "Follo 1"]
[BlackTeam "Nordstrand 5"]

1. Nf3 e6 2. g3 b6 3. Bg2 Bb7 4. O-O c5 5. a4 Nc6 6. e4 d5 7. exd5 Qxd5 8. d3
Nf6 9. Nc3 Qd7 10. Nd2 Be7 11. Nc4 O-O 12. a5 Nxa5 13. Nxa5 Bxg2 14. Kxg2 bxa5
15. b3 Bd6 16. Bd2 Be5 17. Rxa5 Qc7 18. Ra4 Nd7 19. Qf3 Nb6 20. Ra2 Rfd8 21.
Ne4 Rd5 22. Re1 Bd4 23. Bf4 Qd8 24. h4 h6 25. Bd2 Rf5 26. Qg4 h5 27. Qe2 g6 28.
Be3 Nd5 29. Bd2 Nf6 30. Nxf6+ Qxf6 31. Rf1 Qe7 32. Qe4 Rd8 33. Bf4 Rdd5 34. Ra4
Bc3 35. Rc4 Be5 36. Be3 Bd6 37. Ra1 Rfe5 38. Qf3 Rf5 39. Qe2 Be5 40. Raa4 Bd6
41. Qd2 Qb7 42. Kg1 Rf3 43. Re4 Rdf5 44. Kg2 Qc7 45. Bf4 Bxf4 46. gxf4 Qe7 47.
Qe2 Qxh4 48. Qxf3 Qe7 49. Re5 Rf6 50. Rc4 Qd6 51. Rcxc5 Kg7 52. Ra5 Qc7 53. c4
Qb6 54. Rab5 Qd4 55. Qe4 Qb2 56. c5 Qc1 57. Qe3 Qd1 58. Qf3 Qc1 59. Rb4 Qc3 60.
Rc4 Qxb3 61. c6 Qb8 62. c7 Qc8 63. Rb5 e5 64. Rb8 Rxf4 65. Rxc8 1-0

[Event "Østlandsserien 2016/2017, 2. div. A"]
[Site "Nordstrand, Oslo NOR"]
[Date "2016.12.04"]
[Round "2"]
[White "Barstad, Thoralf N"]
[Black "Støle, Andreas"]
[Result "0-1"]
[WhiteElo "1578"]
[BlackElo "1595"]
[Annotator "Støle, Andreas"]
[PlyCount "84"]
[EventDate "2016.10.30"]
[Board "4"]
[WhiteTeam "Nordstrand 5"]
[BlackTeam "Follo 1"]

1. e4 c5 2. Nf3 g6 3. d4 cxd4 4. Nxd4 Bg7 5. Be2 Qb6 6. Nb5 Nf6 7. N5c3 Nc6 8.
O-O O-O 9. Na3 d6 10. Nc4 Qd8 11. Be3 Be6 (11... Nxe4 12. Nxe4 d5) 12. Nd2 d5
13. exd5 Nxd5 14. Nxd5 Bxd5 15. c3 Qc7 16. Bf3 Rfd8 17. Bxd5 Rxd5 18. Qe2 Rad8
19. Nf3 Qd7 20. Rac1 e5 21. c4 Rd6 22. Bc5 Rd3 23. Be3 f5 (23... e4) 24. Bg5
Re8 (24... e4 25. Bxd8 exf3 26. gxf3 Qxd8 $19) 25. Rfd1 e4 26. Ne1 Rxd1 (26...
Nd4 27. Qf1 Rxd1 28. Rxd1 Qa4 $1 $19) 27. Rxd1 Qe6 28. Be3 a6 29. b3 Bc3 30. c5
Bxe1 31. Qxe1 Ne5 32. Rd6 Qf7 33. Bg5 Ng4 34. Qd2 Qg7 35. Qd5+ Kf8 36. Qd1 h6
37. Bc1 Qe5 38. g3 Qxc5 39. Rd2 e3 40. fxe3 Qxe3+ 41. Kh1 $2 (41. Kf1) 41...
Qe1+ 42. Kg2 (42. Qxe1 Rxe1+ 43. Kg2 Rxc1 $19) 42... Ne3+ 0-1

[Event "Østlandsserien 2016/2017, 3. div. B"]
[Site "Oslo NOR"]
[Date "2016.12.04"]
[Round "2"]
[White "Furnes, Torstein"]
[Black "Habberstad, Odd"]
[Result "1/2-1/2"]
[WhiteElo "1610"]
[BlackElo "1531"]
[Annotator "Furnes, Torstein"]
[PlyCount "60"]
[EventDate "2016.10.30"]
[Board "1"]
[WhiteTeam "Follo 2"]
[BlackTeam "OSS Senior"]

1. d4 Nf6 2. c4 d6 3. Nc3 e5 4. dxe5 dxe5 5. Qxd8+ Kxd8 6. Bg5 Be6 7. e3 Nbd7 {
Hvits neste trekk er det første nye trekket som ikke finnes hos ChessBase:} 8.
Bd3 Kc8 9. O-O-O c6 10. Nge2 Nb6 11. b3 Ba3+ 12. Kb1 Nfd7 13. Bc2 f6 14. Bh4 a5
15. f4 a4 16. f5 Bf7 17. Ne4 axb3 18. axb3 Bh5 19. N4g3 Bxe2 20. Nxe2 Nc5 21.
Nc3 Kc7 22. Ne4 Nxe4 ({Fritz mener at svart kan få en fordel på ca. -0.9 ved å
doble tårnene i a-linjen.} 22... Ra6 $17) 23. Bxe4 Rhd8 24. g4 h6 25. Bf2 Bb4
26. Kb2 Rd7 27. Rxd7+ Nxd7 28. Rd1 Nc5 29. Bc2 Rd8 30. Rxd8 Kxd8 1/2-1/2

[Event "Østlandsserien 2016/2017, 3. div. B"]
[Site "Oslo NOR"]
[Date "2016.12.04"]
[Round "2"]
[White "Lea, Per"]
[Black "Jensen, Torben Winther"]
[Result "0-1"]
[WhiteElo "1533"]
[BlackElo "1426"]
[Annotator "Lea,Per"]
[PlyCount "104"]
[EventDate "2016.10.30"]
[Board "3"]
[WhiteTeam "Follo 2"]
[BlackTeam "OSS senior"]

1. e4 c5 2. Nf3 d6 3. d4 cxd4 4. Nxd4 Nf6 5. Nc3 a6 6. Bg5 (6. Be3 {er nok
oftere spilt, men jeg foretrekker å holde meg til det jeg er vant til. Og jeg
tror faktisk jeg har relativt bra score med teksttrekket. Dessuten er det noen
morsomme offervarianter som kan dukke opp, men det ble det dessverre ikke noe
av her.}) 6... e6 7. f4 Be7 8. Qf3 e5 {Dette trekket kom som en overraskelse;
jeg trodde det bare ville føre til at d-bonden blir svak.} (8... Qc7 9. O-O-O
Nbd7 10. Bd3 b5 11. Rhe1 Bb7 12. Nd5 Nxd5 ({Ingen har spilt} 12... exd5 {mot
meg. Svart får en offiser, men kongen risikerer å få et langt og utsatt liv på
f8}) 13. exd5 Bxd5 14. Qxd5 exd5 15. Rxe7+ ({I et Østlandsserieparti mot
Markus Lømo valgte jeg} 15. Bxe7 {overbevist om at en trussel er farligere enn
utførelsen. Men her er nok utførelsen farligere, kanskje rett og slett vinnende
})) 9. Nf5 Bxf5 10. exf5 {I anlysene etterpå var svart fornøyd med dette
avbyttet, siden han fikk kvittet seg med problemløperen på c8} Nc6 11. O-O-O
O-O 12. g4 ({Her vurderte jeg lenge} 12. fxe5 Nxe5 13. Qxb7 Rb8 14. Qxa6 {men
jeg noterer med tilfredshet at Stockfish 8 er enig i at teksttrekket er det
beste}) 12... Rb8 13. h4 (13. Bxf6 Bxf6 14. g5 Be7 15. f6 gxf6 16. gxf6 Bxf6
17. Bd3 Bg7 18. Qh5 f5 19. Bxf5 Rxf5 20. Qxf5 {er anbefalingen fra Stockfish 8,
og jeg må innrømme at det ser unektelig sterkt ut.}) 13... Nd4 14. Qg3 b5 15.
fxe5 dxe5 16. Qxe5 Nc6 17. Rxd8 ({Her vurderte jeg lenge} 17. Qf4) ({og} 17.
Qg3 {men kom til at svart kunne få motspill med} Qa5 18. Kb1 b4 19. Bxf6 Bxf6
20. Nd5 Bd4 {selv om Stockfish påstår at dette er fordel for hvit. Jeg så for
meg at dronningbyttet ville føre til en stilling med bonde over, og at dette
ville være det sikreste. Problemet var bare at dette var basert på en
regnefeil: jeg kunne ikke klare å beholde merbonden og havnet i stedet inn i
et dårligere suttspill.}) 17... Nxe5 18. Rxf8+ Kxf8 19. Bf4 $2 Nfxg4 $1 20. Be2
Rd8 $1 {Den hadde jeg totalt oversett! Nå går det raskt nedover.} 21. Rg1 (21.
a3 {og innrømme at svart har en ørliten fordel ville vært det beste.}) 21... h5
22. Bxe5 Nxe5 23. Bxh5 Bxh4 24. Rh1 Bg5+ 25. Kb1 Rd4 26. Rf1 $2 ({Igjen ville} 
26. a3 {vært det beste}) 26... b4 27. Nd1 Nc4 28. Rg1 Bh6 29. Be2 a5 30. c3
bxc3 31. Nxc3 Nd2+ $2 ({Sterkere er} 31... Ne3 32. f6 gxf6 {med fordel for
svart. Etter teksttrekket har hvit nesten utliknet.}) 32. Kc2 Rf4 33. Bd3 $2 {
... og hvit bukker tilbake. Er det lov å skylde på tidsnød?} (33. Rd1 Rxf5 34.
Rxd2 Bxd2 35. Kxd2 {er likt i følge Stockfish, men jeg vet ikke hvor morsomt
det hadde vært å spille mot 2 sammenhengende fribønder}) 33... Rf2 34. Ne2 Nf3
35. Rh1 Ne5 36. Rh5 f6 (36... Ke7 {beholder fordelen for svart. Etter
teksttrekket er hvit med og kjemper igjen.}) 37. a3 Nf3 38. Kc3 Bd2+ 39. Kc2
Bh6 40. Kc3 Ne5 {Tidsnøden er over, og hvit har fått 30 minutter ekstra. Og
hva gjør man da? Tar en lang tenkepause og finner remissjansen? Neida: tar en
lang tenkepause og bukker offiser og partiet! Sjakken er brutal!} 41. b4 $4 Rf3
42. bxa5 Rxd3+ 43. Kb4 Bd2+ 44. Kb5 Rd5+ 45. Kb6 Bxa5+ 46. Ka6 Bd2 47. Ng3 Ra5+
48. Kb6 Rxa3 49. Rh8+ Kf7 50. Ne4 Be3+ 51. Kc7 Ra7+ 52. Kd6 {Tillater en
vakker sluttstilling, i det minste.} Rd7# 0-1

[Event "Østlandsserien 2016/2017, 3. div. B"]
[Site "Oslo NOR"]
[Date "2016.12.04"]
[Round "2"]
[White "Roderburg, Rolf Theodo"]
[Black "Moberg, Jan  Rune"]
[Result "1-0"]
[WhiteElo "1405"]
[BlackElo "1503"]
[Annotator "Lea,Per"]
[PlyCount "99"]
[EventDate "2016.10.30"]
[Board "4"]
[WhiteTeam "OSS senior"]
[BlackTeam "Follo 2"]

1. e4 e5 2. Nf3 d6 {Moberg spesial! "Alle" sier at åpningen er tvilsom (noen
sier direkte dårlig), allikevel fortsetter han å plukke poeng med dette
trekket. Men ikke alltid...} 3. Bc4 c6 4. O-O Be7 5. d4 Nd7 {Etter en litt
uvanlig trekkrekkefølge, er partene inne i en normal stilling.} 6. Nc3 (6. a4 {
er et mye brukt trekk her, en svart bondestorm begynnende med b5 og deretter
a5 kan bli ubehagelig for hvit. På ChessBase (database.chessbase. com) er det
oftest spilte trekket}) (6. dxe5 {men da har vel svart løst alle problemene
sine i sentrum? Hvis da ikke} dxe5 7. Ng5 Bxg5 8. Qh5 Qe7 9. Qxg5 Qxg5 10. Bxg5
Ngf6 11. f3 {regnes som veldig godt for hvit.}) 6... Ngf6 7. Bg5 Qc7 (7... b5 {
ser ut som godt alternativ, men bergenske estetikere synes kanskje ikke noe om
bondestrukturen b5-c6-d6-e5?}) 8. Qd2 O-O 9. h3 Re8 10. Rad1 b5 {Endelig!
Stockfish smiler i skjegget og satser pengene sine på svart.} 11. dxe5 dxe5 12.
Bd3 a6 13. Ne2 Nc5 14. Ng3 g6 {Hindrer en ekkel springer pa f5 eller h5, men
hullene som oppstår pa h6 og f6 har sine sider.} 15. Qc3 Ne6 16. Bh6 Nd7 17.
Qd2 Nf4 18. Ne2 Ne6 19. Ng5 Ndf8 20. f4 {Mye manøvreringer fram og tilbake, og
Stockfish foretrekker fremdeles svarts stilling.} Nxg5 21. Bxg5 Bxg5 22. fxg5
Be6 23. Ng3 Rad8 24. Qf2 Qe7 25. Qe3 c5 26. a3 Rd4 27. h4 Red8 28. h5 $2 Bg4
29. Rde1 Ne6 30. Rf6 Nf4 31. hxg6 hxg6 32. Be2 Bxe2 $2 {Gir bort nesten hele
fordelen} (32... Rd2 $1 33. Rxf4 (33. Bxg4 Nxg2 34. Qxd2 Rxd2) 33... exf4 34.
Qxf4 Bxe2 35. Rxe2 Rxe2 36. Nxe2 {med overlegen stilling for svart}) 33. Nxe2
Nxe2+ 34. Rxe2 Rd1+ {Her er vi ved et vendepunkt. Nå er det hvit som får
overtaket.} 35. Kh2 Kg7 36. Ref2 Rh8+ 37. Kg3 Rd7 $4 {Å bytte dronning mot to
tårn kan være bra hvis tårnene samarbeider, men det gjør de dessverre ikke her.
I tillegg innkasserer hvit 2 bønder på handelen.} 38. Rxf7+ Qxf7 39. Rxf7+ Kxf7
40. Qxc5 Ke6 41. Qb6+ Rd6 42. Qf2 Re8 43. b3 Re7 44. c4 bxc4 45. bxc4 Rf7 46.
Qe2 Rd4 {Fribonden måtte stoppes for enhver pris, og det kan sannsynligvis
bare gjøres ved å doble tårnene i c-linja} 47. c5 a5 48. Qa6+ Ke7 49. c6 Kd6
50. c7+ {Snipp, snapp, snute...} 1-0

[Event "Østlandsserien 2016/2017, 3. div. D"]
[Site "Lillestrøm, Akershus NOR"]
[Date "2016.12.04"]
[Round "2"]
[White "Kielland-Lund, Jon"]
[Black "Kvam, Audun"]
[Result "0-1"]
[WhiteElo "1500"]
[BlackElo "1910"]
[PlyCount "69"]
[EventDate "2016.10.30"]
[Board "1"]
[WhiteTeam "Follo 3"]
[BlackTeam "Lillestrøm"]

1. c4 e6 2. d4 b6 3. Nc3 Bb7 4. e4 Bb4 5. d5 Qh4 6. Bd3 f5 7. exf5 Bxc3+ 8.
bxc3 exd5 9. Qe2+ Qe7 10. Bg5 Nf6 11. f3 Qxe2+ 12. Nxe2 Ba6 13. Kd2 Bxc4 14.
Bf4 Na6 15. a4 Nc5 16. Bxc4 dxc4 17. Kc2 Nd5 18. Bd2 Nd3 19. g4 O-O 20. Ng3 a5
21. h4 c6 22. Ne4 b5 23. Nd6 Rf6 24. Ne4 Rff8 25. Nd6 Rfb8 26. Rh2 Ne5 27. Rf2
Nf7 28. Ne4 b4 29. Nc5 d6 30. Ne4 bxc3 31. Nxc3 Nb4+ 32. Kd1 d5 33. Be3 Nd3 34.
Rd2 Rb3 35. Ne2 0-1